Szczegóły MARC21

Studia nad dialektologią ukraińską i polską : (z materiałów b. Katedry Języków Ruskich UJ) /

003 -Nazwa inst., której nr kontr. jest w polu 001 [,]
    • @
    • Nazwa instytucji, której n kontrolny jest w polu 001
    • NUKAT
005 -DATA I CZAS OSTATNIEJ MODYFIKACJI [,]
    • @
    • pole kontrolne
    • 20241231093157.0
040 -Instytucja sporządzająca opis [ , ]
    • a
    • Instytucja, która sporządziła opis (NP)
    • KR PAU/MS
    • c
    • Instytucja, która sporządziła rekord (NP)
    • KR PAU/MS
    • d
    • Instytucja, która zmodyfikowała rekord (P)
    • KR PAU/MS
    • d
    • Instytucja, która zmodyfikowała rekord (P)
    • KR PAU/MSs
041 -Język dokumentu [0, ]
    • a
    • Język tekstu (P)
    • polski
    • a
    • Język tekstu (P)
    • ukraiński
942 -Rodzaj dokumentu [ , ]
    • c
    • Rodzaj dokumentu
    • Książka
245 -Strefa tytułu i oznaczenia odpowiedzialności [0,0]
    • a
    • Tytuł
    • Studia nad dialektologią ukraińską i polską : Find
    • b
    • Ciąg dalszy tytułu (NP)
    • (z materiałów b. Katedry Języków Ruskich UJ) / Find
    • c
    • Pozostałe elementy strefy tytułu i oznaczenia odpowiedzialności (NP)
    • oprac. i przyg. do dr. Mieczysław Karaś.
246 -Wariant tytułu [1,5]
    • a
    • Tytuł (NP)
    • Studia ad dialectologiam ukrainicam et polonam pertinentia
260 -Strefa adresu wydawniczego [ , ]
    • a
    • Miejsce wydania (P)
    • Kraków :
    • b
    • Nazwa wydawcy (P)
    • nakł. Uniwersytetu Jagiellońskiego ;
    • a
    • Miejsce wydania (P)
    • Warszawa :
    • b
    • Nazwa wydawcy (P)
    • Państwowe Wydaw. Naukowe,
    • c
    • Data wydania (P)
    • 1975.
300 -Strefa opisu fizycznego [ , ]
    • a
    • Określenie formy książki i/lub objętość (NP)
    • 244 s. ;
    • c
    • Format (NP)
    • 25 cm.
336 -Typ zawartości [ , ]
    • a
    • Termin opisujący typ zawartości
    • Tekst
    • b
    • Kod określający zawartość
    • txt
    • 2
    • Źródło (terminu i kodu)
    • rdacontent
337 -Typ mediów [ , ]
    • a
    • Tryb odtwarzania
    • Bez urządzenia pośredniczącego
    • b
    • Kod typu mediów
    • n
    • 2
    • Źródło (terminu i kodu)
    • rdamedia
338 -Typ/rodzaj nośnika [ , ]
    • a
    • Hasło opisujące typ nośnika
    • Wolumin
    • b
    • Kod typu nośnika
    • nc
    • 2
    • Źródło (terminu i kodu)
    • rdacarrier
490 -Strefa serii i książki wielotomowej - forma nie do wyszukiwania [1, ]
    • a
    • Tytuł (P)
    • Zeszyty Naukowe Uniwersytetu Jagiellońskiego. Prace Językoznawcze ; Find
    • v
    • Numeracja (P)
    • z. 44
830 -Hasło dodatkowe serii i opisu książki wielotomowej - tytuł ujednolicony/tytuł [ ,0]
    • a
    • Tytuł ujednolicony/tytuł (NP)
    • Zeszyty Naukowe Uniwersytetu Jagiellońskiego
    • x
    • ISSN
    • 0860-0139
    • v
    • Oznaczenie tomu (NP)
    • 376
    • 9
    • KHW
    • 193
830 -Hasło dodatkowe serii i opisu książki wielotomowej - tytuł ujednolicony/tytuł [ ,0]
    • a
    • Tytuł ujednolicony/tytuł (NP)
    • Zeszyty Naukowe Uniwersytetu Jagiellońskiego.
    • p
    • Nazwa części/podserii/sekcji (P)
    • Prace Językoznawcze
    • x
    • ISSN
    • 0083-4378
    • v
    • Oznaczenie tomu (NP)
    • z. 44
    • 9
    • KHW
    • 17497
500 -Uwaga ogólna [ , ]
    • a
    • Uwaga ogólna (NP)
    • W serii gł. nr 376.
504 -Uwaga dot. bibliogr. załącznikowej [ , ]
    • a
    • Uwaga dot. bibliografii załącznikowej
    • Indeks.
546 -Uwaga dot. języka [ , ]
    • a
    • Uwaga dot. języka
    • Mat. w jęz. ukr. S. przytyt. w jęz. łac.
080 -Uniwersalna Klasyfikacja Dziesiętna [ , ]
    • 2
    • Identyfikator wydania tablic
    • UDC-P058
    • 9
    • UKD
    • 10066
    • a
    • Symbol klasyfikacji
    • 811.162.1'28
    • b
    • Dopowiedzenie
    • Język polski. - Dialektologia.
080 -Uniwersalna Klasyfikacja Dziesiętna [ , ]
    • 2
    • Identyfikator wydania tablic
    • UDC-P058
    • 9
    • UKD
    • 23227
    • a
    • Symbol klasyfikacji
    • 811.161.2'28
    • b
    • Dopowiedzenie
    • Język ukraiński. - Dialektologia.
650 -Hasło przedmiotowe [ ,7]
    • a
    • Hasło przedmiotowe
    • Język polski
    • x
    • Określnik rzeczowy
    • dialektologia.
    • 2
    • Źródło terminu
    • kaba
    • 9
    • KHW
    • 360072
650 -Hasło przedmiotowe [ ,7]
    • a
    • Hasło przedmiotowe
    • Język ukraiński
    • x
    • Określnik rzeczowy
    • dialektologia.
    • 2
    • Źródło terminu
    • kaba
    • 9
    • KHW
    • 414376
650 -Hasło przedmiotowe [ ,7]
    • a
    • Hasło przedmiotowe
    • Język polski
    • x
    • Określnik rzeczowy
    • dialekty
    • v
    • Określnik formalny
    • teksty.
    • 2
    • Źródło terminu
    • kaba
    • 9
    • KHW
    • 414377
650 -Hasło przedmiotowe [ ,7]
    • a
    • Hasło przedmiotowe
    • Język ukraiński
    • x
    • Określnik rzeczowy
    • dialekty
    • v
    • Określnik formalny
    • teksty.
    • 2
    • Źródło terminu
    • kaba
    • 9
    • KHW
    • 414378
980 -Symbol UKD [ , ]
    • a
    • UKD
    • 811.162.1'28+811.161.2'28
700 -Hasło dodatkowe - nazwa osobowa [1, ]
    • a
    • Nazwa osobowa (NP)
    • Karaś, Mieczysław Find
    • d
    • Daty biograficzne (NP)
    • (1924-1977).
    • e
    • Określenie rodzaju współpracy
    • Oprac.
    • 9
    • KHW
    • 22883
931 -Powiązanie tyt. z wydaw. ciągłym [ , ]
    • a
    • Powiązanie tytułówki z wydaw. ciągłym
    • PATRZ WYDAWNICTWO CIĄGŁE
    • z
    • Numer rek. powiązanego
    • 119238
Numer inwentarzowy Status udost. Uwagi nie widoczne w OPAC Data inwentaryzacji Powiązanie z serią Lokalizacja Sygnatura
W.405402retrokonwersja  BG 
W.405422retrokonwersja  BG 
W.44960-3retrokonwersja BG 
Cg.17321retrokonwersja  BGCg.123 (p.202)
W.40541-3retrokonwersja  BG